| 000 | 003560000a22000970004500 | ||
|---|---|---|---|
| 100 | 1 | _aClancy, Frank | |
| 245 | 1 | 0 | _aZorah, eshtaol, beth shemesh and Dan's Migration to the south : a region and its traditions in the late bronze age and Iron ages |
| 300 | _aNúm 86 (1999), Páginas 25-48 | ||
| 773 | 0 | _tJournal for the Study of the Old Testament | |
| 942 | _cANA | ||
| 999 |
_c54747 _d54747 |
||